Ładuje się......
ANNUAL REVIEW OF PLANT PHYSIOLOGY
| 1. autor: | |
|---|---|
| Format: | Printed Book |
| Wydane: |
U
ANNUAL REVIEWS, INC.
1957
|
| Hasła przedmiotowe: |
| LEADER | 00566nam a2200205 4500 | ||
|---|---|---|---|
| 020 | |||
| 037 | |||
| 082 | |a 571.207 6 CRA | ||
| 100 | |a CRAFTS,A.S. , MACHLIS Leonard and TORREY,John.G. | ||
| 245 | |a ANNUAL REVIEW OF PLANT PHYSIOLOGY |h English | ||
| 250 | |||
| 260 | |a U |b ANNUAL REVIEWS, INC. |c 1957 | ||
| 300 | |a 477 |f HB | ||
| 500 | |||
| 590 | |||
| 630 | |||
| 650 | |a ANNUAL REVIEW OF PLANT PHYSIOLOGY | ||
| 942 | |c TB | ||
| 999 | |c 165242 |d 165242 | ||
| 952 | |0 0 |1 0 |4 0 |6 571_207000000000000_6_CRA |7 0 |9 178692 |a BOT |b BOT |l 0 |o 571.207 6 CRA |p BOT289 |r 2019-10-25 |w 2019-10-25 |y TB | ||